World Geography - Statistics

General Stats
  • This quiz has been taken 37 times
  • The average score is 7 of 8
Answer Stats
Question Answer % Correct
What is the tallest mountain in the world? Mr. Everest, Nepal
100%
What country is “The Outback” located in? Australia
97%
What 3 countries border Mexico? Belize, U.S.A, Guatemala
97%
What is the capital city of South Korea? Seoul
97%
Where is the Yellow River located? China
86%
What U.S. State is the Grand Canyon located in? Arizona
83%
Which country is the Arabian desert located in? All of the above
57%
What country is Chimney Rock located in? U.S.A.
40%
No matching quizzes found
Score Distribution
Percent of People with Each Score
Percentile by Number Answered
Your Score History
You have not taken this quiz